[Event "Deutsche Ländermeisterschaft 2015"]
[Site "Hannover GER"]
[Date "2015.10.04"]
[Round "3"]
[White "Richter, Leonard"]
[Black "Schmidek, Emil"]
[Result "1-0"]
[Termination "normal"]
[Board "6.1"]
[WhiteElo "2281"]
[BlackElo "2171"]
[WhiteTeam "Sachsen"]
[BlackTeam "Berlin"]
[PlyCount "135"]
[WhiteFideId "12900290"]
[BlackFideId "12908150"]
[EventCountry "GER"]
[EventRounds "7"]
[EventType "team-swiss"]
[EventDate "2015.10.02"]

1. e4 e5 2. Nf3 Nc6 3. Nc3 Nf6 4. Bb5 Bd6 5. O-O O-O 6. Re1 Re8 7. h3 h6 8.
Bxc6 dxc6 9. d4 exd4 10. Qxd4 Bf8 11. Qxd8 Rxd8 12. Bf4 Ne8 13. Rad1 Be6 14.
Nd4 Bc4 15. e5 Bb4 16. a3 Bxc3 17. bxc3 Rd7 18. Nb3 Rd5 19. Rd4 Bxb3 20. cxb3
Rxd4 21. cxd4 Rd8 22. Be3 g5 23. Rd1 Ng7 24. g3 Rd5 25. b4 Kf8 26. h4 gxh4 27.
Bxh6 hxg3 28. Rd3 gxf2+ 29. Kxf2 b6 30. Rg3 Rxd4 31. Bxg7+ Ke8 32. Rc3 c5 33.
bxc5 bxc5 34. Rxc5 Rg4 35. Bf6 Kd7 36. Ra5 Rc4 37. Rxa7 Ke6 38. Ke3 c5 39. Kd3
Rg4 40. Ra6+ Kf5 41. Ra5 Ke6 42. Rxc5 Rg3+ 43. Ke4 Rxa3 44. Rc6+ Kd7 45. Rd6+
Kc7 46. Rd3 Ra2 47. Kf5 Rg2 48. Ra3 Rf2+ 49. Kg5 Rg2+ 50. Kh6 Kd7 51. Ra7+ Ke8
52. Re7+ Kf8 53. Rd7 Rh2+ 54. Kg5 Rg2+ 55. Kh5 Rh2+ 56. Kg4 Kg8 57. Rd8+ Kh7
58. Rh8+ Kg6 59. Rg8+ Kh6 60. Kf5 Rf2+ 61. Ke4 Re2+ 62. Kd5 Rd2+ 63. Kc6 Ra2
64. Kd7 Ra7+ 65. Ke8 Kh7 66. Rg7+ Kh8 67. Rxf7+ Kg8 68. Rg7+ 1-0

[Event "Deutsche Ländermeisterschaft 2015"]
[Site "Hannover GER"]
[Date "2015.10.04"]
[Round "3"]
[White "Schnabel, Bennett"]
[Black "Urban, Konstantin"]
[Result "1-0"]
[Termination "normal"]
[Board "6.2"]
[WhiteElo "2063"]
[BlackElo "2182"]
[WhiteTeam "Berlin"]
[BlackTeam "Sachsen"]
[PlyCount "57"]
[WhiteFideId "12943290"]
[BlackFideId "12927511"]
[EventCountry "GER"]
[EventRounds "7"]
[EventType "team-swiss"]
[EventDate "2015.10.02"]

1. e4 c5 2. c3 Nf6 3. e5 Nd5 4. d4 cxd4 5. cxd4 e6 6. Nf3 d6 7. Bc4 Nc6 8. O-O
Be7 9. Re1 O-O 10. Nc3 Nxc3 11. bxc3 dxe5 12. Nxe5 Nxe5 13. dxe5 Qc7 14. Qg4
Rd8 15. Bh6 g6 16. h4 Bd7 17. h5 Be8 18. hxg6 hxg6 19. Re3 Rd7 20. Rae1 Rc8 21.
Bb3 Qd8 22. Rf3 Rc6 23. Ba4 b5 24. Bxb5 Rd1 25. Rxd1 Qxd1+ 26. Kh2 Rc8 27. Bxe8
Rxe8 28. Qf4 f5 29. exf6 1-0

[Event "Deutsche Ländermeisterschaft 2015"]
[Site "Hannover GER"]
[Date "2015.10.04"]
[Round "3"]
[White "Herbrig, Alexander"]
[Black "Acikel, Mert"]
[Result "1-0"]
[Termination "normal"]
[Board "6.3"]
[WhiteElo "2017"]
[BlackElo "1889"]
[WhiteTeam "Sachsen"]
[BlackTeam "Berlin"]
[PlyCount "93"]
[WhiteFideId "12952044"]
[BlackFideId "12956465"]
[EventCountry "GER"]
[EventRounds "7"]
[EventType "team-swiss"]
[EventDate "2015.10.02"]

1. e4 e5 2. Nf3 Nc6 3. Bb5 a6 4. Ba4 Nf6 5. O-O d6 6. Re1 b5 7. Bb3 Be7 8. c3
O-O 9. h3 Nb8 10. d4 Nbd7 11. Nbd2 Bb7 12. Bc2 Re8 13. b3 Bf8 14. Bb2 c5 15.
dxc5 Nxc5 16. b4 Ne6 17. g3 a5 18. Nb3 a4 19. Na5 Rxa5 20. bxa5 Qxa5 21. Re3
Nc5 22. Qe1 Qa8 23. Nd2 g6 24. Ba3 Bh6 25. Bxc5 dxc5 26. Re2 Bxd2 27. Rxd2 Nxe4
28. Bxe4 Bxe4 29. Kh2 Bf3 30. Qe3 Qc6 31. a3 e4 32. Rb1 h5 33. Qf4 b4 34. axb4
cxb4 35. cxb4 a3 36. Qe3 Ra8 37. Ra2 Qc4 38. Rxa3 Rxa3 39. Qxa3 h4 40. g4 Qc7+
41. Kg1 f5 42. Ra1 Qf4 43. Qa8+ Kh7 44. Ra7+ Kh6 45. Qf8+ Kg5 46. Qd8+ Kh6 47.
Qxh4# 1-0

[Event "Deutsche Ländermeisterschaft 2015"]
[Site "Hannover GER"]
[Date "2015.10.04"]
[Round "3"]
[White "Hesse, Henrik"]
[Black "Hofmann, Rares"]
[Result "0-1"]
[Termination "normal"]
[Board "6.4"]
[WhiteElo "1896"]
[BlackElo "2022"]
[WhiteTeam "Berlin"]
[BlackTeam "Sachsen"]
[PlyCount "46"]
[WhiteFideId "12952060"]
[BlackFideId "12976440"]
[EventCountry "GER"]
[EventRounds "7"]
[EventType "team-swiss"]
[EventDate "2015.10.02"]

1. c4 e5 2. Nc3 Nf6 3. g3 c6 4. d4 exd4 5. Qxd4 d5 6. cxd5 cxd5 7. Bg2 Nc6 8.
Qa4 d4 9. Ne4 Nxe4 10. Bxe4 Bb4+ 11. Bd2 Bxd2+ 12. Kxd2 O-O 13. Nf3 Bd7 14.
Rhd1 Re8 15. Bd3 Rc8 16. Nxd4 Ne5 17. Qb4 Nxd3 18. exd3 Qg5+ 19. f4 Qh5 20. h4
Qd5 21. Ne2 Qg2 22. Re1 Bg4 23. Rac1 Rxe2+ 0-1

[Event "Deutsche Ländermeisterschaft 2015"]
[Site "Hannover GER"]
[Date "2015.10.04"]
[Round "3"]
[White "Moses, Selina"]
[Black "Rosenhain, Rachela"]
[Result "0-1"]
[Termination "normal"]
[Board "6.5"]
[WhiteElo "1926"]
[BlackElo "1792"]
[WhiteTeam "Sachsen"]
[BlackTeam "Berlin"]
[PlyCount "46"]
[WhiteFideId "12908070"]
[BlackFideId "12957615"]
[EventCountry "GER"]
[EventRounds "7"]
[EventType "team-swiss"]
[EventDate "2015.10.02"]

1. e4 e5 2. Nf3 Nc6 3. Nc3 Nf6 4. d4 exd4 5. Nxd4 Bb4 6. Nxc6 bxc6 7. Bd3 d5 8.
exd5 cxd5 9. O-O O-O 10. Bg5 c6 11. Na4 Bd6 12. h3 h6 13. Bh4 Re8 14. Qf3 Bd7
15. c4 Rb8 16. b3 Be6 17. c5 Be5 18. Rae1 Rb4 19. Rxe5 Rxh4 20. g4 Nxg4 21.
hxg4 Rxg4+ 22. Kh2 Qh4+ 23. Qh3 Rg2+ 0-1

[Event "Deutsche Ländermeisterschaft 2015"]
[Site "Hannover GER"]
[Date "2015.10.04"]
[Round "3"]
[White "Denkert, Anna"]
[Black "Simon, Tessa"]
[Result "1/2-1/2"]
[Termination "normal"]
[Board "6.6"]
[WhiteElo "1686"]
[BlackElo "1838"]
[WhiteTeam "Berlin"]
[BlackTeam "Sachsen"]
[PlyCount "111"]
[WhiteFideId "12938122"]
[BlackFideId "12929395"]
[EventCountry "GER"]
[EventRounds "7"]
[EventType "team-swiss"]
[EventDate "2015.10.02"]

1. e4 e5 2. Nf3 Nc6 3. Bc4 Bc5 4. d3 Nf6 5. c3 d6 6. O-O O-O 7. h3 a6 8. Bb3
Ne7 9. Be3 Ba7 10. Bxa7 Rxa7 11. Re1 Ng6 12. Nbd2 Nf4 13. Nf1 N6h5 14. Ng3 Qf6
15. Nxh5 Nxh5 16. Nh2 Nf4 17. Qf3 Qg6 18. Kh1 Be6 19. d4 Bxb3 20. axb3 Raa8 21.
dxe5 dxe5 22. Ng4 Qe6 23. c4 Rad8 24. Red1 f6 25. Ne3 c6 26. Nf5 g6 27. Ng3 Qe7
28. Rxd8 Rxd8 29. Rd1 Rd6 30. Qg4 Kf7 31. Rxd6 Qxd6 32. Qc8 Qe7 33. Qh8 Ke6 34.
Qc8+ Qd7 35. Qg8+ Kd6 36. Qb8+ Ke7 37. Qg8 h5 38. Qg7+ Ke6 39. Qg8+ Kd6 40.
Qf8+ Qe7 41. Qb8+ Ke6 42. Qg8+ Kd7 43. Qb8 Qb4 44. c5 Qe1+ 45. Kh2 Qxf2 46.
Qxb7+ Kd8 47. Qb8+ Ke7 48. Qd6+ Kf7 49. Qd7+ Kg8 50. Qe8+ Kh7 51. Qf7+ Kh6 52.
Nf5+ Kg5 53. h4+ Kg4 54. Nh6+ Kxh4 55. Qxf6+ g5 56. Nf5+ 1/2-1/2

[Event "Deutsche Ländermeisterschaft 2015"]
[Site "Hannover GER"]
[Date "2015.10.04"]
[Round "3"]
[White "Nguyen, Alex Dac-Vuong"]
[Black "Breitzmann, Sander"]
[Result "1-0"]
[Termination "normal"]
[Board "6.7"]
[WhiteElo "1824"]
[BlackElo "1569"]
[WhiteTeam "Sachsen"]
[BlackTeam "Berlin"]
[PlyCount "113"]
[WhiteFideId "12984388"]
[BlackFideId "12987085"]
[EventCountry "GER"]
[EventRounds "7"]
[EventType "team-swiss"]
[EventDate "2015.10.02"]

1. e4 e5 2. Nf3 Nc6 3. Bc4 Bc5 4. O-O Nf6 5. d4 exd4 6. e5 d5 7. exf6 dxc4 8.
fxg7 Rg8 9. Re1+ Be6 10. Bg5 Qd5 11. Nc3 Qf5 12. Ne4 Rxg7 13. Nf6+ Kf8 14. Ne4
Kg8 15. Nh4 Qxg5 16. Nxg5 Rxg5 17. Kh1 Ne5 18. h3 Ng6 19. Nxg6 hxg6 20. f4 Rg3
21. Kh2 Re3 22. Rxe3 dxe3 23. Qf3 c6 24. b4 Bd4 25. Rd1 Bd5 26. Qe2 Bb6 27. a4
Re8 28. a5 Bc7 29. Qg4 Be6 30. Qh4 Bf5 31. c3 Bd3 32. Re1 Kg7 33. Kg1 b6 34. f5
Bd8 35. Qg3 Bxf5 36. Rxe3 Rxe3 37. Qxe3 bxa5 38. bxa5 Bxa5 39. Qe5+ Kh7 40.
Qxa5 Be4 41. Qxa7 Bd5 42. g4 Kh6 43. h4 Kg7 44. g5 Kh7 45. Kf2 Kg7 46. Ke3 Kh7
47. Kf4 Kg8 48. Ke5 Kg7 49. Qe7 Be6 50. Qf6+ Kg8 51. Kd6 Bd5 52. Ke7 Be6 53.
Qe5 c5 54. Kf6 Kh7 55. Qd6 Kg8 56. Qd8+ Kh7 57. Qf8 1-0

[Event "Deutsche Ländermeisterschaft 2015"]
[Site "Hannover GER"]
[Date "2015.10.04"]
[Round "3"]
[White "Schnabel, Luise"]
[Black "Nguyen, Phuong Thao Vivien"]
[Result "0-1"]
[Termination "normal"]
[Board "6.8"]
[WhiteElo "1435"]
[BlackElo "1205"]
[WhiteTeam "Berlin"]
[BlackTeam "Sachsen"]
[PlyCount "80"]
[WhiteFideId "12943347"]
[BlackFideId "16210735"]
[EventCountry "GER"]
[EventRounds "7"]
[EventType "team-swiss"]
[EventDate "2015.10.02"]

1. e4 c5 2. Nf3 d6 3. d4 cxd4 4. Nxd4 Nf6 5. Nc3 g6 6. Be3 Bg7 7. h3 O-O 8. Qd2
Nc6 9. O-O-O d5 10. Nxc6 bxc6 11. exd5 cxd5 12. Nxd5 Nxd5 13. Qxd5 Qc7 14. Qc5
Qb7 15. Bd4 Bf5 16. c3 Rfc8 17. Qb5 Bh6+ 18. Be3 Qe4 19. Bd3 Bxe3+ 20. fxe3
Qxe3+ 21. Kc2 Rab8 22. Qd5 Qb6 23. b3 Rd8 24. Qc4 Rbc8 25. Qf4 Rd4 26. Qe3 Rxd3
27. Qxb6 Rdxc3+ 28. Kd2 Rc2+ 29. Ke3 R8c3+ 30. Kf4 axb6 31. g4 Rf2+ 32. Ke5
Rc5+ 33. Kd4 Be6 34. Ke3 Rxa2 35. b4 Rc3+ 36. Kd4 Rac2 37. Rhe1 Rxh3 38. g5
Rc4+ 39. Ke5 h6 40. gxh6 Rh5# 0-1

[Event "Deutsche Ländermeisterschaft 2015"]
[Site "Hannover GER"]
[Date "2015.10.04"]
[Round "3"]
[White "Baskin, Robert"]
[Black "Wielebinski, Paul Martin"]
[Result "1-0"]
[Termination "normal"]
[Board "7.1"]
[WhiteTitle "FM"]
[WhiteElo "2329"]
[BlackElo "1938"]
[WhiteTeam "Hessen"]
[BlackTeam "Niedersachsen 2"]
[PlyCount "97"]
[WhiteFideId "24662402"]
[BlackFideId "12987930"]
[EventCountry "GER"]
[EventRounds "7"]
[EventType "team-swiss"]
[EventDate "2015.10.02"]

1. e4 c5 2. Nf3 Nc6 3. d4 cxd4 4. Nxd4 Nf6 5. Nc3 e5 6. Ndb5 d6 7. Bg5 a6 8.
Na3 b5 9. Bxf6 gxf6 10. Nd5 Bg7 11. Bd3 Be6 12. O-O f5 13. Qh5 f4 14. c4 b4 15.
Nc2 a5 16. g3 fxg3 17. fxg3 O-O 18. Nce3 h6 19. h4 f6 20. Ng4 Kh7 21. Rxf6 Bxg4
22. Qg6+ Kh8 23. Rxf8+ Qxf8 24. Qxg4 Qc8 25. Qg6 Qh3 26. Bf1 Qd7 27. Nf6 Bxf6
28. Qxh6+ Kg8 29. Qxf6 Qg4 30. Bg2 Rf8 31. Qxd6 Qxg3 32. Qe6+ Kh8 33. Qh6+ Kg8
34. Qg5+ Qxg5 35. hxg5 Kg7 36. Rf1 Rxf1+ 37. Kxf1 Kg6 38. Ke2 Kxg5 39. Kd3 a4
40. c5 Na5 41. Bf3 Kf6 42. Bd1 a3 43. bxa3 bxa3 44. Kc3 Ke6 45. Kb4 Nb7 46.
Bg4+ Ke7 47. Kb5 Nd8 48. Kb6 Nf7 49. c6 1-0

[Event "Deutsche Ländermeisterschaft 2015"]
[Site "Hannover GER"]
[Date "2015.10.04"]
[Round "3"]
[White "Koch, Yannick"]
[Black "Keller, Peter"]
[Result "0-1"]
[Termination "normal"]
[Board "7.2"]
[BlackTitle "FM"]
[WhiteElo "1955"]
[BlackElo "2311"]
[WhiteTeam "Niedersachsen 2"]
[BlackTeam "Hessen"]
[PlyCount "86"]
[WhiteFideId "24661678"]
[BlackFideId "1272105"]
[EventCountry "GER"]
[EventRounds "7"]
[EventType "team-swiss"]
[EventDate "2015.10.02"]

1. d4 Nf6 2. c4 g6 3. Nc3 d5 4. Bg5 Ne4 5. Bh4 Nxc3 6. bxc3 dxc4 7. e3 Be6 8.
Nf3 Nd7 9. d5 Bf5 10. Qd4 Rg8 11. Bxc4 Bg7 12. Qd2 Nf6 13. Bxf6 Bxf6 14. O-O
Be4 15. Ne1 c6 16. Rd1 Bxd5 17. Qe2 Qa5 18. Bxd5 cxd5 19. c4 Rd8 20. cxd5 Rxd5
21. Nf3 Rc5 22. Nd4 Kf8 23. Nb3 Qb5 24. Qd2 Rc8 25. Qd7 Qxd7 26. Rxd7 Rc2 27.
a4 Rc4 28. a5 Rb4 29. Nc5 b6 30. Nd3 Rb3 31. a6 Kg7 32. Nc1 Ra3 33. Rxa7 Rd8
34. Ne2 Rd2 35. Nd4 Bxd4 36. exd4 Rxd4 37. Rxe7 Rxa6 38. Rb7 Rb4 39. Rc1 Rb2
40. g3 Raa2 41. Rcc7 Rxf2 42. Rxb6 Rg2+ 43. Kf1 Rxh2 0-1

[Event "Deutsche Ländermeisterschaft 2015"]
[Site "Hannover GER"]
[Date "2015.10.04"]
[Round "3"]
[White "Spitzl, Vinzent"]
[Black "Brunner, Wilken"]
[Result "1/2-1/2"]
[Termination "normal"]
[Board "7.3"]
[WhiteElo "2130"]
[BlackElo "1783"]
[WhiteTeam "Hessen"]
[BlackTeam "Niedersachsen 2"]
[PlyCount "71"]
[WhiteFideId "12901253"]
[BlackFideId "12928771"]
[EventCountry "GER"]
[EventRounds "7"]
[EventType "team-swiss"]
[EventDate "2015.10.02"]

1. e4 c5 2. Nf3 d6 3. d4 cxd4 4. Nxd4 Nf6 5. Nc3 a6 6. Bg5 Nbd7 7. Qe2 h6 8.
Bh4 Qc7 9. O-O-O g6 10. f4 e5 11. Nf3 Bg7 12. Qd2 exf4 13. Qxd6 Qxd6 14. Rxd6
g5 15. Bf2 O-O 16. Bc4 Ng4 17. Bd4 Nde5 18. Nxe5 Nxe5 19. Bb3 Kh7 20. h4 g4 21.
Nd5 f3 22. gxf3 Nxf3 23. Bxg7 Kxg7 24. Nf4 f5 25. Nh5+ Kh7 26. exf5 Bxf5 27.
Ng3 b5 28. Bd5 Rae8 29. Rxa6 Re5 30. Bxf3 gxf3 31. Nxf5 Rexf5 32. Rf1 f2 33.
Re6 Rf4 34. Re2 Kg6 35. Kd2 Kh5 36. Re6 1/2-1/2

[Event "Deutsche Ländermeisterschaft 2015"]
[Site "Hannover GER"]
[Date "2015.10.04"]
[Round "3"]
[White "Meric, Geoffrey"]
[Black "Weber, Samuel"]
[Result "1-0"]
[Termination "normal"]
[Board "7.4"]
[WhiteElo "1706"]
[BlackElo "1936"]
[WhiteTeam "Niedersachsen 2"]
[BlackTeam "Hessen"]
[PlyCount "93"]
[WhiteFideId "26092891"]
[BlackFideId "12924008"]
[EventCountry "GER"]
[EventRounds "7"]
[EventType "team-swiss"]
[EventDate "2015.10.02"]

1. e4 d5 2. exd5 Nf6 3. d4 Bg4 4. Be2 Bxe2 5. Nxe2 Qxd5 6. O-O e6 7. Nbc3 Qf5
8. Ng3 Qa5 9. Bf4 Nc6 10. Qd3 O-O-O 11. Nce2 Nd5 12. Bd2 Qb6 13. c3 h5 14. b4
h4 15. Ne4 e5 16. a4 a5 17. b5 Nb8 18. c4 Nb4 19. Qh3+ Nd7 20. c5 Qg6 21. Bxb4
axb4 22. Nd2 exd4 23. c6 bxc6 24. Nxd4 c5 25. Nc6 Re8 26. a5 f5 27. a6 Qg4 28.
Qb3 Nb6 29. Rfc1 h3 30. Qg3 Qxg3 31. fxg3 Re2 32. Nc4 Rxg2+ 33. Kh1 Nxc4 34. a7
Nb6 35. a8=Q+ Nxa8 36. Rxa8+ Kd7 37. Re1 Be7 38. Rxe7+ Kd6 39. Rxh8 Kd5 40.
Rd8+ Kc4 41. Ne5+ Kc3 42. Rxc7 b3 43. Rxc5+ Kb4 44. Rc4+ Ka3 45. Ra8+ Kb2 46.
Nd3+ Kb1 47. Rc1# 1-0

[Event "Deutsche Ländermeisterschaft 2015"]
[Site "Hannover GER"]
[Date "2015.10.04"]
[Round "3"]
[White "Stork, Oliver"]
[Black "Möller, Hannah"]
[Result "1/2-1/2"]
[Termination "normal"]
[Board "7.5"]
[WhiteElo "1977"]
[BlackElo "1638"]
[WhiteTeam "Hessen"]
[BlackTeam "Niedersachsen 2"]
[PlyCount "120"]
[WhiteFideId "12955728"]
[BlackFideId "1270514"]
[EventCountry "GER"]
[EventRounds "7"]
[EventType "team-swiss"]
[EventDate "2015.10.02"]

1. c4 Nf6 2. g3 g6 3. Bg2 Bg7 4. Nc3 d6 5. d3 O-O 6. e4 c5 7. Nge2 Nc6 8. O-O
a6 9. h3 Rb8 10. a4 b6 11. Be3 h6 12. Qd2 Kh7 13. f4 e5 14. Rab1 Nd4 15. b4 Bd7
16. bxc5 bxc5 17. Rxb8 Qxb8 18. Rb1 Qa7 19. Qb2 Nxe2+ 20. Nxe2 Bxa4 21. Qb6
Qxb6 22. Rxb6 exf4 23. Bxf4 Bc2 24. Nc1 a5 25. Bxd6 Nd7 26. Ra6 Bd4+ 27. Kh2
Rd8 28. Rxa5 Kg7 29. h4 Be3 30. Bc7 Re8 31. Bf4 Bxc1 32. Bxc1 Bxd3 33. Bb2+ Kg8
34. Bh3 Nb6 35. Rxc5 Nxc4 36. Bf6 Nd2 37. e5 Ne4 38. Bd7 Nxc5 39. Bxe8 Bf5 40.
Bc6 Ne4 41. Bd8 Nf2 42. Kg1 Ng4 43. Bc7 Kg7 44. Kg2 Ne3+ 45. Kf3 Nc2 46. Bb6
Nb4 47. Bb5 Nd5 48. Bc5 Nc7 49. Bc4 Be6 50. Bxe6 Nxe6 51. Be7 Nd4+ 52. Ke4 Ne6
53. g4 Kg8 54. h5 g5 55. Kf5 Nd4+ 56. Kf6 Ne6 57. Bb4 Nd4 58. Bc5 Ne6 59. Be3
Nf4 60. Bd2 Ne6 1/2-1/2

[Event "Deutsche Ländermeisterschaft 2015"]
[Site "Hannover GER"]
[Date "2015.10.04"]
[Round "3"]
[White "Pubantz, Jan"]
[Black "Poetsch, Leonore"]
[Result "0-1"]
[Termination "normal"]
[Board "7.6"]
[WhiteElo "1435"]
[BlackElo "1860"]
[WhiteTeam "Niedersachsen 2"]
[BlackTeam "Hessen"]
[PlyCount "62"]
[WhiteFideId "12996114"]
[BlackFideId "12940372"]
[EventCountry "GER"]
[EventRounds "7"]
[EventType "team-swiss"]
[EventDate "2015.10.02"]

1. e4 e6 2. d4 d5 3. Nc3 Nf6 4. e5 Nfd7 5. f4 c5 6. Nf3 Nc6 7. Be3 Qb6 8. Na4
Qa5+ 9. Nc3 cxd4 10. Nxd4 Bb4 11. Qd2 Nc5 12. Nb3 Nxb3 13. cxb3 O-O 14. Bd4
Nxd4 15. Qxd4 Bd7 16. a3 Bc5 17. Qd1 Qb6 18. Qc2 Rac8 19. Bd3 g6 20. f5 d4 21.
b4 Bxb4 22. axb4 Qxb4 23. Rc1 exf5 24. O-O dxc3 25. bxc3 Qc5+ 26. Kh1 Qxe5 27.
Rfe1 Qc5 28. c4 Rfe8 29. Re2 Rxe2 30. Qxe2 Be6 31. Rc2 a5 0-1

[Event "Deutsche Ländermeisterschaft 2015"]
[Site "Hannover GER"]
[Date "2015.10.04"]
[Round "3"]
[White "Reinecke, Katharina"]
[Black "Lamottke, Svenja"]
[Result "1-0"]
[Termination "normal"]
[Board "7.7"]
[WhiteElo "1765"]
[BlackElo "1466"]
[WhiteTeam "Hessen"]
[BlackTeam "Niedersachsen 2"]
[PlyCount "47"]
[WhiteFideId "12929727"]
[BlackFideId "12918229"]
[EventCountry "GER"]
[EventRounds "7"]
[EventType "team-swiss"]
[EventDate "2015.10.02"]

1. d4 d5 2. c4 c6 3. Nf3 Nf6 4. e3 Nbd7 5. Nc3 e6 6. b3 Bd6 7. Bb2 O-O 8. Bd3
Re8 9. Qc2 dxc4 10. bxc4 e5 11. O-O Nf8 12. dxe5 Bxe5 13. Nxe5 Rxe5 14. Rad1
Qe7 15. Ne2 Rg5 16. Ng3 Ng6 17. Nf5 Qe6 18. f4 Rxf5 19. Bxf5 Qxe3+ 20. Kh1 Bxf5
21. Qxf5 Ne4 22. Bd4 Nh4 23. Qg4 Qa3 24. Qxg7# 1-0

[Event "Deutsche Ländermeisterschaft 2015"]
[Site "Hannover GER"]
[Date "2015.10.04"]
[Round "3"]
[White "Abele, Anais"]
[Black "Ruppert, Paula"]
[Result "1/2-1/2"]
[Termination "normal"]
[Board "7.8"]
[WhiteElo "1457"]
[BlackElo "1427"]
[WhiteTeam "Niedersachsen 2"]
[BlackTeam "Hessen"]
[PlyCount "80"]
[WhiteFideId "16208927"]
[BlackFideId "12979996"]
[EventCountry "GER"]
[EventRounds "7"]
[EventType "team-swiss"]
[EventDate "2015.10.02"]

1. e4 e6 2. d3 Nf6 3. Nf3 d5 4. Nbd2 Bc5 5. Be2 O-O 6. O-O Nc6 7. c3 Bb6 8. a4
a5 9. h3 Ne7 10. Re1 Bd7 11. e5 Ne8 12. d4 f6 13. Bd3 c5 14. exf6 Nxf6 15. dxc5
Bxc5 16. Nb3 Bb6 17. Nbd4 Bxd4 18. Nxd4 Qb6 19. Qc2 Rf7 20. Qe2 Re8 21. Be3 Qd6
22. Bb5 e5 23. Bxd7 Qxd7 24. Nb5 Ref8 25. Bc5 Ne4 26. Be3 Nxf2 27. Bxf2 Rxf2
28. Qxf2 Rxf2 29. Kxf2 Qf5+ 30. Kg1 b6 31. Re2 Ng6 32. Rf1 Qd3 33. Ref2 Nf4 34.
Kh2 h5 35. g3 Ne2 36. Rf3 Qd2 37. R3f2 Qe3 38. Rf3 Qd2 39. R3f2 Qe3 40. Rf3 Qd2
1/2-1/2

[Event "Deutsche Ländermeisterschaft 2015"]
[Site "Hannover GER"]
[Date "2015.10.04"]
[Round "3"]
[White "Uksini, Bardhyl"]
[Black "Bauer, Andreas"]
[Result "1-0"]
[Termination "normal"]
[Board "8.1"]
[WhiteElo "2307"]
[BlackElo "2242"]
[WhiteTeam "Hamburg"]
[BlackTeam "Baden 2"]
[PlyCount "135"]
[WhiteFideId "1628313"]
[BlackFideId "4625030"]
[EventCountry "GER"]
[EventRounds "7"]
[EventType "team-swiss"]
[EventDate "2015.10.02"]

1. d4 f5 2. c4 Nf6 3. Nc3 d6 4. Nf3 g6 5. g3 Bg7 6. Bg2 O-O 7. O-O Qe8 8. d5 a5
9. Nd4 Na6 10. b3 Bd7 11. Bb2 c6 12. Rc1 Nc5 13. Qd2 Nce4 14. Qd3 Nxc3 15. Bxc3
c5 16. Nc2 b5 17. cxb5 Bxb5 18. Qd2 a4 19. b4 cxb4 20. Bxb4 Bd7 21. Nd4 Rc8 22.
Rxc8 Bxc8 23. Rd1 Qf7 24. Nc6 h6 25. a3 g5 26. Qe3 Re8 27. f4 gxf4 28. Qxf4 Qh5
29. Rd2 Ng4 30. h3 Ne5 31. Bc3 Ng6 32. Qc4 Ba6 33. Qb4 Bxc3 34. Qxc3 Bxe2 35.
Qe3 Ba6 36. Qe6+ Kg7 37. g4 Qg5 38. Rf2 Bc8 39. Qe1 fxg4 40. Qc3+ Ne5 41. h4
Qh5 42. Re2 Kg8 43. Nxe5 dxe5 44. Rxe5 Qg6 45. h5 Qf6 46. Qc6 Rf8 47. Qxf6 exf6
48. Re7 Bf5 49. Ra7 Rd8 50. Rxa4 Kf7 51. Ra7+ Rd7 52. Ra8 Bc2 53. Kf2 f5 54.
Ra6 f4 55. Rxh6 f3 56. Bf1 Kg7 57. Rc6 Bf5 58. h6+ Kh7 59. Rf6 Bg6 60. d6 Ra7
61. Bc4 Rxa3 62. d7 Ra8 63. Rc6 Bf5 64. Bd3 Bxd3 65. Rc8 Ra2+ 66. Kg3 Rg2+ 67.
Kh4 Rh2+ 68. Kg5 1-0

[Event "Deutsche Ländermeisterschaft 2015"]
[Site "Hannover GER"]
[Date "2015.10.04"]
[Round "3"]
[White "Ciolek, Andreas"]
[Black "Kramer, Julian"]
[Result "0-1"]
[Termination "normal"]
[Board "8.2"]
[BlackTitle "FM"]
[WhiteElo "2030"]
[BlackElo "2323"]
[WhiteTeam "Baden 2"]
[BlackTeam "Hamburg"]
[PlyCount "98"]
[WhiteFideId "12906727"]
[BlackFideId "12921742"]
[EventCountry "GER"]
[EventRounds "7"]
[EventType "team-swiss"]
[EventDate "2015.10.02"]

1. e4 c5 2. Nf3 d6 3. d4 Nf6 4. Nc3 cxd4 5. Nxd4 a6 6. g3 e6 7. Bg2 Be7 8. O-O
O-O 9. a4 Qc7 10. h3 Nc6 11. Nb3 b6 12. f4 Bb7 13. Be3 Na5 14. Nxa5 bxa5 15.
Qe2 Nd7 16. Qf2 Bf6 17. Rad1 Bxc3 18. bxc3 Rac8 19. Rd2 Qxc3 20. Rb1 Qc6 21. c3
Ba8 22. Bd4 e5 23. fxe5 dxe5 24. Be3 Nc5 25. Rd5 Nxa4 26. Rxe5 Nxc3 27. Rb6 Qa4
28. Kh2 Nxe4 29. Qf4 Qc2 30. Rxe4 Bxe4 31. Qxe4 Qxe4 32. Bxe4 Rce8 33. Bc5 Rxe4
34. Bxf8 Re2+ 35. Kg1 Kxf8 36. Rxa6 Ra2 37. Ra7 g6 38. g4 Kg7 39. g5 a4 40. Kh1
a3 41. Kg1 h6 42. h4 hxg5 43. hxg5 Kf8 44. Kf1 Ke8 45. Kg1 Kd8 46. Ra8+ Kc7 47.
Ra7+ Kb6 48. Ra8 Kc5 49. Ra5+ Kb4 0-1

[Event "Deutsche Ländermeisterschaft 2015"]
[Site "Hannover GER"]
[Date "2015.10.04"]
[Round "3"]
[White "Pfreundt, Jakob"]
[Black "Boes, Julian"]
[Result "1-0"]
[Termination "normal"]
[Board "8.3"]
[WhiteElo "2274"]
[BlackElo "2083"]
[WhiteTeam "Hamburg"]
[BlackTeam "Baden 2"]
[PlyCount "65"]
[WhiteFideId "12918156"]
[BlackFideId "12907723"]
[EventCountry "GER"]
[EventRounds "7"]
[EventType "team-swiss"]
[EventDate "2015.10.02"]

1. e4 e6 2. d4 d5 3. exd5 exd5 4. Nf3 Nf6 5. Bd3 Bd6 6. Qe2+ Qe7 7. Qxe7+ Kxe7
8. O-O Re8 9. Re1+ Kf8 10. Rxe8+ Kxe8 11. Nc3 c6 12. Bg5 Nbd7 13. Re1+ Kf8 14.
Ne5 h6 15. Bf4 Be7 16. h3 Nb6 17. Ne2 Ne8 18. Bh2 Bd8 19. Nf4 Nc7 20. g4 a5 21.
Bg3 Na4 22. b3 Nb6 23. Nfg6+ fxg6 24. Nxg6+ Kf7 25. Bxc7 Be6 26. Bxd8 Rxd8 27.
f4 Re8 28. Ne5+ Kf6 29. Bg6 Rf8 30. Kg2 Nd7 31. f5 Rd8 32. fxe6 Nxe5 33. e7 1-0

[Event "Deutsche Ländermeisterschaft 2015"]
[Site "Hannover GER"]
[Date "2015.10.04"]
[Round "3"]
[White "Mangei, Jasmin"]
[Black "Engel, Luis"]
[Result "1/2-1/2"]
[Termination "normal"]
[Board "8.4"]
[WhiteElo "1867"]
[BlackElo "2166"]
[WhiteTeam "Baden 2"]
[BlackTeam "Hamburg"]
[PlyCount "89"]
[WhiteFideId "12951803"]
[BlackFideId "12961523"]
[EventCountry "GER"]
[EventRounds "7"]
[EventType "team-swiss"]
[EventDate "2015.10.02"]

1. e4 c5 2. Nf3 d6 3. Bb5+ Nd7 4. d4 Ngf6 5. Nc3 cxd4 6. Qxd4 e5 7. Qd3 h6 8.
O-O Be7 9. b3 O-O 10. Bxd7 Bxd7 11. a4 a6 12. Ba3 Rc8 13. Rfd1 Qb6 14. Nxe5 Be6
15. Nd5 Bxd5 16. exd5 Qc7 17. Nc4 b5 18. axb5 axb5 19. Ne3 Qd7 20. Re1 Rfe8 21.
Re2 Ne4 22. c4 Bf6 23. Rc1 Ra8 24. Bb4 bxc4 25. Nxc4 Rab8 26. Rxe4 Rxe4 27.
Qxe4 Rxb4 28. Qf3 Be7 29. g3 Bf8 30. Re1 Rb5 31. Re3 g6 32. Qe4 Qb7 33. Rd3
Rxb3 34. Rxb3 Qxb3 35. Na5 Qc3 36. Nc6 Qf6 37. Kg2 Kg7 38. h3 h5 39. h4 Kg8 40.
Nd4 Be7 41. Nc6 Bf8 42. Qe8 Kg7 43. Qe4 Kg8 44. Qe8 Kg7 45. Qe4 1/2-1/2